000
00200 a2200097 4500
001
3472
100
_a
Williams, L.F.R
245
_a
State of isreal, the
260
_a
_b
faber
_c
090
_c
2738
_d
2738
942
_a
NUST-CAE
_c
M
_c
19313
999
_c
238545
_d
238545